000
00246nam a22001097a 4500
040
_c
DLC
082
_a
624.171
_b
HIB
100
_a
R.C. Hibbeler
245
_a
Structural Analysis
440
_a
Structural Analysis
_9
133462
942
_2
ddc
_c
BK
_e
11th
999
_c
616423
_d
616423